000 00982cam a2200229 4500
001 WB3916-04
008 030501n2003 000 0 eng u
035 _a(Sirsi) u122168
245 _aEmpty office space in London
260 _c2003
490 _aCorporate Occupiers Group Research
_v 1 May 2003, (1)
520 _aInsignia Richard Ellis (IRE) says office availability in Central London has risen to its highest level since the 1992 property recession. According to IRE's latest Central London Offices Q1 2003 report empty office space rose by 10% to 23.1 m sq ft. For the IRE report: http://www.rics.org/ricscms/bin/show?class=News&template=/includes/shownews.html&id=5645
590 _aWB
650 _aOFFICE SPACE
650 _aOFFICE AVAILABILITY
650 _aCENTRAL LONDON
650 _aWEST END OF LONDON
650 _aCITY OF LONDON
650 _aINSIGNIA RICHARD ELLIS
690 _aPROPERTY-COMMERCIAL PROPERTY-COMMERCIAL PROPERTY MARKET
942 _n0
999 _c72608
_d72608